Sports Quiz

Random Sports Quiz
Score 0/10 Timer 06:00
0 Plays Today
Rank Athlete % Correct
2.)Serena Williams - $20.5 million
94.2%
1.)Maria Sharapova - $29 million
89.9%
5.)Danica Patrick - $15 million
69.6%
3.)Li Na - $18.2 million
40.6%
4.)Victoria Azarenka - $15.7 million
40.6%
7.)Caroline Wozniacki - $13.6 million
40.6%
9.)Ana Ivanovic - $7 million
34.8%
8.)Agnieszka Radwanska - $7.4 million
27.5%
10.)Paula Creamer - $5.5 million
8.7%
6.)Kim Yuna - $14 million
5.8%
Remove Ads.
Support Sporcle.
Get the best of Sporcle when you Go Orange. This ad-free experience offers more features, more stats, and more fun while also helping to support Sporcle. Thank you for becoming a member.

You're not logged in!

Compare scores with friends on all Sporcle quizzes.
OR
Log In

Show Comments

Extras

Top Quizzes Today


Score Distribution

Your Account Isn't Verified!

In order to create a playlist on Sporcle, you need to verify the email address you used during registration. Go to your Sporcle Settings to finish the process.

Report this User

Report this user for behavior that violates our Community Guidelines.

Details: